| 000 | 00829cam a2200289 i 4500 | ||
|---|---|---|---|
| 001 | 409711 | ||
| 003 | Nust | ||
| 005 | 20240121180243.0 | ||
| 008 | 800522s1981 enk b 001 0 eng | ||
| 010 | _a 80017458 | ||
| 020 | _a9788131764428 | ||
| 040 |
_aDLC _cDLC _dDLC |
||
| 043 | _ad------ | ||
| 050 | 0 | 0 |
_aHD82 _b.T552 1981 |
| 082 | 0 | 0 |
_a338.90091724 _bTOD |
| 100 | 1 | _aTodaro, Michael P. | |
| 245 | 1 | 0 |
_aEconomic development _cMichael P. Todaro. |
| 250 | _a10th ed. | ||
| 260 |
_aDorling Kindersley: _bPearson Education; _c2012 |
||
| 300 |
_axxviii, 861p. ; _c25 cm. |
||
| 500 | _aIncludes index. | ||
| 504 | _aBibliography: p. 555-580. | ||
| 650 | 0 | _aEconomic development. | |
| 651 | 0 |
_aDeveloping countries _xEconomic conditions. _96809 |
|
| 906 |
_a7 _bcbc _corignew _d1 _eocip _f19 _gy-gencatlg |
||
| 942 |
_2ddc _cBK |
||
| 999 |
_c3707 _d3707 |
||